Responses for Show #2165 - Friday, January 21, 1994

Contestants

[<< previous game]

John Ebbe, a teacher from Dove Canyon, California

David Muir, a computer cunsultant from Los Angeles, California

Barry Rubinowitz, a writer from West Hollywood, California (whose 1-day cash winnings total $6,200)

[next game >>]

Jeopardy! Round responses

MODERN HISTORY
SONGS OF THE '60s
NEWSPAPERS
AROUND THE WORLD
FLUIDS
ODDS & ENDS
    $100 19
Mao Tse-tung

John
    $100 1
"The Girl From Ipanema"

Barry
    $100 11
Denver

David
    $100 15
the sun & moon

David
    $100 26
venom

David
    $100 6
a gift horse

David
    $200 20
Six-Day War

John
    $200 2
Midnight Cowboy

David
    $200 12
The New York Times

Barry
    $200 16
Pars

David
    $200 27
oil

Barry
    $200 7
May

Barry
    $300 21
(David : What was the Communist Party?)

the Fascist Party

BarryDavid
    $300 3
a carpenter

David
    $300 13
Gannett

Barry
    $300 17
Switzerland

Barry
    $300 28
lacto-

David
    $300 8
a spoon

Barry
    $400 22
(John: Who is Emperor...uh...Hashari? Hashagi?)

Akihito

BarryJohn
    $400 4
"Suspicious Minds"

John
    $400 14
the (Baltimore) Sun

David
    $400 24
the Tigris & the Euphrates

Triple Stumper
    $400 29
magma

John
    $400 9
English

Barry
    $500 23
Vietnam

John
    $500 5
"The End Of The World"

David
    $1,000 18
Pulitzer

Barry
    $500 25
Portugal

John
    $500 30
Freon

Triple Stumper
    $500 10
a bird

Barry

Scores at the first commercial break (after clue 16):

Barry David John
$2,000 $1,900 $400

Scores at the end of the Jeopardy! Round:

Barry David John
$4,200 $2,000 $1,700

Double Jeopardy! Round responses

SCOTTISH RULERS
ARCHEOLOGY
CITY NAME ORIGINS
PREGNANCY & CHILDBIRTH
AMERICAN AUTHORS
7-LETTER WORDS
    $200 1
Macbeth

David
    $200 14
Stonehenge

David
    $200 16
Rotterdam

John
    $200 26
the umbilical cord

David
    $200 3
Dr. Seuss

Barry
    $200 9
neutral

John
    $400 2
Donald

David
    $400 15
Monaco

Barry
    $400 17
Cologne

Barry
    $400 27
Lamaze

Barry
    $400 4
(F. Scott) Fitzgerald

David
    $400 10
(David: What is lard?)

Lanolin

DavidJohn
    $600 8
Mary (Queen of Scots)

Barry
    $600 23
a mummy

David
    $600 18
Naples

Barry
    $600 28
a trimester

John
    $600 5
(James Fenimore) Cooper

Barry
    $600 11
a fanfare

John
    $800 12
the House of Bruce

Triple Stumper
    $800 24
(John: What is Italy)

Spain

DavidJohn
    $800 19
Jakarta

Barry
    $800 29
(John: What is endromitriosis?)

amniocentesis

DavidJohn
    $800 6
Willa Cather

John
    $800 21
a fulcrum

John
    $1000 13
(John: What is the Blarney Stone?)

the Stone of Scone

John
Triple Stumper
    $1000 25
Babylon

Triple Stumper
    $1,000 20
(Barry: What is Brussels?)

Antwerp

Barry
    $1000 30
the Fallopian tubes

David
    $1,500 7
William Faulkner

John
    $1000 22
an estuary

John

Scores at the end of the Double Jeopardy! Round:

Barry David John
$7,200 $6,200 $5,200

[wagering suggestions for these scores]

Final Jeopardy! Round responses

THE KENNEDY CENTER HONORS
JohnWho was Balinsheen?
$1,800
DavidWho was Balanchine?
$1,000
BarryWho is Balanchine?
$5,201
George Balanchine

Final scores:

Barry David John
$12,401 $7,200 $7,000
2-day champion: $18,601 2nd place 3rd place

Game dynamics:

Coryat scores:

Barry David John
$7,700 $6,200 $4,700
20 R
(including 1 DD),
1 W
(including 1 DD)
19 R,
2 W
15 R
(including 1 DD),
4 W

Combined Coryat: $18,600

[game clues] [game scores] [suggest correction]

Game tape date: 1993-09-28
The J! Archive is created by fans, for fans. Scraping, republication, monetization, and malicious use prohibited; this site may use cookies and collect identifying information. See terms. The Jeopardy! game show and all elements thereof, including but not limited to copyright and trademark thereto, are the property of Jeopardy Productions, Inc. and are protected under law. This website is not affiliated with, sponsored by, or operated by Jeopardy Productions, Inc. Join the discussion at JBoard.tv.